000 01032nam a22003017a 4500
001 0010519
003 KOHA_MİRAKIL
005 20260207001747.0
007 ta
008 091111b1991 tu |||grd|||#0|||0|tur |
040 _aTR-BiSEU
_btur
_cTR-BiSEU
_erda
041 0 _atur
044 _ctu
050 _aTJ163.16
_b.E54 1991
240 1 0 _aEnergy terminology terminologie de l'energie energie terminologie
_lTürkçe
245 0 _aEnerji terminolojisi :
_bTürkçe, ingilizce, fransızca, almanca teknik sözlük =
_bEnergy terminology terminologie de l'energie energie terminologie.
264 1 _aİstanbul :
_bFebel
_c1991
300 _axi, 523 sayfa; 28 cm.
336 _ametin
_btxt
_2rdacontent
337 _aaracısız
_bn
_2rdamedia
338 _acilt
_bnc
_2rdacarrier
500 _aDizin var.
650 0 _aPower resources--Terminology.
_925133
650 0 _aPower resources--Dictionaries--Polyglot.
_925134
650 0 _aPower (Mechanics)--Dictionaries--Polyglot.
_925135
907 _aSözlük
942 _2lcc
_cBK
999 _c10491
_d10491